000 00577nam a2200121Ia 4500
008 220620s9999||||xx |||||||||||||| ||und||
100 _aO'Connor, Mary I.
245 0 _aMixtec Evangelicals
546 _aEnglish[eng]
650 _ahistory||anthropology||Catholic Church||Mexico||Mixtec||Modernity||San Juan||Puerto Rico||United States||Village
856 _uhttps://library.oapen.org/bitstream/20.500.12657/32101/1/617497.pdf||https://library.oapen.org/bitstream/20.500.12657/32101/1/617497.pdf||https://library.oapen.org/bitstream/20.500.12657/32101/1/617497.pdf
942 _cEB
999 _c32587
_d32587